Biblioteca y Centro de Documentación

El reconocimiento por la negociación colectiva de los derechos laborales de las víctimas de violencia de género (Registro nro. 48420)

Detalles MARC
000 -CABECERA
Longitud fija campo de control 01039naa a2200265 c 4500
001 - NÚMERO DE CONTROL
Número de control 48420
003 - IDENTIFICADOR DE NÚMERO DE CONTROL
Identificador del número de control ES-MaCES
005 - FECHA Y HORA DE LA ÚLTIMA TRANSACCIÓN
Fecha y hora de la última transacción 20161021145829.0
008 - CAMPO FIJO DE DESCRIPCIÓN FIJA--INFORMACIÓN GENERAL
Códigos de información de longitud fija   161021s2016 sp ||||| t||||||| ||spa d
040 ## - FUENTE DE CATALOGACIÓN
Centro catalogador de origen ES-MaCES
Lengua de catalogación spa
Centro transcriptor ES-MaCES
Centro modificado ES-MaCES
100 1# - ENCABEZAMIENTO PRINCIPAL--NOMBRE PERSONAL
9 (RLIN) 37436
Nombre de persona Fraguas Madurga, Lourdes
245 13 - MENCIÓN DE TÍTULO
Título El reconocimiento por la negociación colectiva de los derechos laborales de las víctimas de violencia de género
Mención de responsabilidad, etc. Lourdes Fraguas Madurga
500 ## - NOTA GENERAL
Nota general Resumen
504 ## - NOTA DE BIBLIOGRAFÍA, ETC.
Nota de bibliografía, etc. Bibliografía: p. 298-299
650 #4 - ASIENTO SECUNDARIO DE MATERIA--TÉRMINO DE MATERIA
9 (RLIN) 28362
Término de materia o nombre geográfico como elemento inicial negociación colectiva
650 #4 - ASIENTO SECUNDARIO DE MATERIA--TÉRMINO DE MATERIA
9 (RLIN) 28361
Término de materia o nombre geográfico como elemento inicial convenio colectivo
650 #4 - ASIENTO SECUNDARIO DE MATERIA--TÉRMINO DE MATERIA
9 (RLIN) 29924
Término de materia o nombre geográfico como elemento inicial derechos de los trabajadores
650 #4 - ASIENTO SECUNDARIO DE MATERIA--TÉRMINO DE MATERIA
9 (RLIN) 28657
Término de materia o nombre geográfico como elemento inicial mujeres
650 #4 - ASIENTO SECUNDARIO DE MATERIA--TÉRMINO DE MATERIA
9 (RLIN) 29555
Término de materia o nombre geográfico como elemento inicial acoso sexual
650 #4 - ASIENTO SECUNDARIO DE MATERIA--TÉRMINO DE MATERIA
9 (RLIN) 29388
Término de materia o nombre geográfico como elemento inicial violencia
653 10 - TÉRMINO DE INDEXACIÓN--NO CONTROLADO
Término no controlado Mujer
773 0# - ENTRADA DE DOCUMENTO FUENTE
Itemnumber del ítem fuente 85183
Lugar, editor y fecha de publicación Madrid (Ignacio Ellacuría, 3, 28017) Civitas
Otro identificador del documento 088081
Título Nueva revista española de Derecho del trabajo
Número de control del registro relacionado (ES-MaCES)25060
Parte(s) relacionada(s) n. 188 (jun. 2016) {10040 R. 088081} ;p.249-299
902 ## - CES. TIPO DE DOCUMENTO
Tipodoc (006$c Sirtex) ART Artículo de revista
942 ## - ELEMENTOS KOHA
Fuente de clasificaión o esquema Clasificación propia del CES
Koha [por defecto] tipo de item Artículos (1982-2017)
Parte de clasificación Asuntos Sociales

No hay ítems disponibles.

© CES, Consejo Económico y Social de España 2021